| 000 | 02191nam0a2200397 4500 | ||
|---|---|---|---|
| 001 | RU\NLR\bibl\982168 | ||
| 005 | 20260408070158.0 | ||
| 010 |
_a5-9596-0325-Х _9100 |
||
| 021 |
_aRU _b2006-40378 _92024 |
||
| 035 | _a(nilc)EL/0000079021 | ||
| 035 | _aRUM0018771 | ||
| 035 | _a(NLR Aleph) 000970056 | ||
| 090 |
_a393519 _c393519 |
||
| 100 | _a20060713d2006 |||y0rusy50 ca | ||
| 101 | 0 | _arus | |
| 102 | _aRU | ||
| 105 | _aa ||||||||| | ||
| 200 | 1 |
_aЭлектробезопасность _eучебно-методическое пособие для студентов по специальности 110302.65 - Электрификация и автоматизация сельского хозяйства очной и заочной форм обучения _fФГОУ ВПО Ставроп. гос. аграр. ун-т _g[сост.: Е.Е. Привалов и др.] |
|
| 210 |
_aСтаврополь _cАГРУС _d2006 |
||
| 215 |
_a81,[2] с. _cил. _d20 |
||
| 606 | 1 |
_aЭлектротравмы _jУчебно-методические пособия для высших учебных заведений _xПервая помощь _91234823 _3RU\NLR\auth\66503878 |
|
| 606 | 1 |
_aЭлектробезопасность _jУчебно-методические пособия для высших учебных заведений _91957988 _3RU\NLR\auth\661183650 |
|
| 610 | 0 |
_aэлектрические машины _aэксплуатация _aэлектробезопасность _aзащитные устройства _aорганизация работы _aучебные пособия _aметодические материалы |
|
| 675 |
_a621.326(075) _v4 |
||
| 686 |
_a68.01.84.45 _2rugasnti |
||
| 686 | _aР458.16-5,3я73 | ||
| 686 | _aЗ29-5н65я73-1 | ||
| 702 | 1 |
_aПривалов _bЕ. Е. _4220 |
|
| 712 | 0 | 2 |
_4570 _aСтавропольский государственный аграрный университет _9585267 _3RU\NLR\AUTH\8810042909 |
| 801 | 0 |
_aRU _bЦНСХБ РАСХН _c20060713 _gRCR |
|
| 801 | 1 |
_aRU _bЦНСХБ РАСХН _c20060814 |
|
| 801 | 2 |
_aRU _bNLR _c20060908 _grcr |
|
| 942 | _cBOOK | ||
| 980 | _aNB | ||
| 980 | _aNBR | ||